000 01478nam0a2200313 4500
001 RU\NLR\bibl\806258
005 20250614131246.0
010 _a5-7410-0357-5
_9900
021 _aRU
_b2005-9152
_9477
035 _a(NLR Aleph) 000795378
090 _a1147675
_c1147675
100 _a20050602d2001 |||y0rusy50 ca
101 0 _arus
102 _aRU
105 _ay |||||||||
200 1 _aТрагедия И. В. Гете "Фауст" (опыт философского комментария)
_fП. А. Горохов
_gМ-во образования Рос. Федерации, Оренбург. гос. ун-т
210 _aОренбург
_cИПК ГОУ ОГУ
_d2001
215 _a131 с.
_d20
320 _aБиблиогр.: с. 121-130 (128 назв.)
604 _1700#1$aГете$gИоганн Вольфганг$bИ. В.$f1749 - 1832
_150010$a"Фауст"$2nlr_sh1$2nlr_sh2$3RU\NLR\AUTH\66278289
_aГете, Иоганн Вольфганг (1749 - 1832)
_t"Фауст"
_91402975
_3RU\NLR\AUTH\66278289
604 _1700#1$aГете$bИ. В.$f1749-1832$gИоганн Вольфганг$4070
_150010$aФауст$2psbo
_aГете, Иоганн Вольфганг (1749-1832)
_tФауст
686 _aШ5(4Г)45-4Гете 536"Фауст"
700 1 _aГорохов
_bП. А.
_gПавел Александрович
_4070
801 0 _aRU
_bNLR
_c20050602
_gPSBO
801 1 _aRU
_bNLR
_c20050602
942 _cBOOK
980 _aNB